<?xml version="1.0" encoding="UTF-8"?>
<record
    xmlns:xsi="http://www.w3.org/2001/XMLSchema-instance"
    xsi:schemaLocation="http://www.loc.gov/MARC21/slim http://www.loc.gov/standards/marcxml/schema/MARC21slim.xsd"
    xmlns="http://www.loc.gov/MARC21/slim">

  <leader>01793nam a22004451i 4500</leader>
  <controlfield tag="001">vtls000966732</controlfield>
  <controlfield tag="003">PNM</controlfield>
  <controlfield tag="005">20250119155102.0</controlfield>
  <controlfield tag="008">220721s2022    my     er     000 0 may  </controlfield>
  <datafield tag="015" ind1=" " ind2=" ">
    <subfield code="a">M22-11374</subfield>
  </datafield>
  <datafield tag="020" ind1=" " ind2=" ">
    <subfield code="a">9789672910121</subfield>
    <subfield code="q">paperback</subfield>
    <subfield code="c">RM37.00</subfield>
  </datafield>
  <datafield tag="039" ind1=" " ind2="9">
    <subfield code="a">202303071127</subfield>
    <subfield code="b">zulkeply_t</subfield>
  </datafield>
  <datafield tag="040" ind1=" " ind2=" ">
    <subfield code="a">BNM</subfield>
    <subfield code="b">eng</subfield>
    <subfield code="c">BNM</subfield>
    <subfield code="d">PPAK</subfield>
    <subfield code="e">rda</subfield>
  </datafield>
  <datafield tag="041" ind1="1" ind2=" ">
    <subfield code="a">may</subfield>
    <subfield code="h">ara</subfield>
  </datafield>
  <datafield tag="049" ind1=" " ind2=" ">
    <subfield code="a">mal</subfield>
  </datafield>
  <datafield tag="082" ind1="0" ind2="4">
    <subfield code="2">23</subfield>
    <subfield code="a">297.385</subfield>
  </datafield>
  <datafield tag="090" ind1="0" ind2="0">
    <subfield code="a">297.385</subfield>
    <subfield code="b">ALB</subfield>
    <subfield code="d">G</subfield>
  </datafield>
  <datafield tag="100" ind1="0" ind2=" ">
    <subfield code="a">Al-Albani, Muhammad Nasir al-Din,</subfield>
    <subfield code="c">Shaykh,</subfield>
    <subfield code="e">author.</subfield>
  </datafield>
  <datafield tag="245" ind1="1" ind2="0">
    <subfield code="6">880-01</subfield>
    <subfield code="a">TALKHIS AHKAM AL-JANA'IZ =</subfield>
    <subfield code="b">Ringkasan Hukum-Hakam Berkaitan JENAZAH /</subfield>
    <subfield code="c">SHAYKH MUHAMMAD NASIR AL-DIN AL-ALBANI ; Penterjemah: Abu Husna Azzahari bin Murad ; Penyunting: Muhammad Syakir Kamal &amp; Abdullah Izzat Tengku Sidek ; Penyunting Bahasa Melayu: Ahmad Sabri Jinlapudin </subfield>
  </datafield>
  <datafield tag="246" ind1="3" ind2="3">
    <subfield code="a">Ringkasan hukum-hakam berkaitan jenazah :</subfield>
    <subfield code="b">Talkhis ahkam al-jana'iz</subfield>
  </datafield>
  <datafield tag="264" ind1=" " ind2="1">
    <subfield code="a">Serendah, Selangor :</subfield>
    <subfield code="b">Karya PiS Sdn. Bhd.,</subfield>
    <subfield code="c">2022</subfield>
  </datafield>
  <datafield tag="300" ind1=" " ind2=" ">
    <subfield code="a">372 pages ;</subfield>
    <subfield code="c">22 cm</subfield>
  </datafield>
  <datafield tag="336" ind1=" " ind2=" ">
    <subfield code="a">text</subfield>
    <subfield code="2">rdacontent</subfield>
  </datafield>
  <datafield tag="337" ind1=" " ind2=" ">
    <subfield code="a">unmediated</subfield>
    <subfield code="2">rdamedia</subfield>
  </datafield>
  <datafield tag="338" ind1=" " ind2=" ">
    <subfield code="a">volume</subfield>
    <subfield code="2">rdacarrier</subfield>
  </datafield>
  <datafield tag="500" ind1=" " ind2=" ">
    <subfield code="a">Contains verses from the Qur'an and quotes from the Hadith</subfield>
  </datafield>
  <datafield tag="504" ind1=" " ind2=" ">
    <subfield code="a">Bibliography: pages 368-372</subfield>
  </datafield>
  <datafield tag="546" ind1=" " ind2=" ">
    <subfield code="a">Translated from Arabic</subfield>
  </datafield>
  <datafield tag="650" ind1="1" ind2="0">
    <subfield code="a">Death</subfield>
    <subfield code="x">Religious aspects</subfield>
    <subfield code="x">Islam</subfield>
  </datafield>
  <datafield tag="650" ind1="2" ind2="0">
    <subfield code="a">Dead</subfield>
    <subfield code="x">Religious aspects</subfield>
    <subfield code="x">Islam</subfield>
  </datafield>
  <datafield tag="650" ind1="2" ind2="0">
    <subfield code="a">Islamic funeral rites and ceremonies</subfield>
  </datafield>
  <datafield tag="650" ind1="2" ind2="0">
    <subfield code="a">Islam</subfield>
    <subfield code="x">Rituals</subfield>
  </datafield>
  <datafield tag="650" ind1="2" ind2="0">
    <subfield code="a">Islam</subfield>
    <subfield code="x">Customs and practices</subfield>
  </datafield>
  <datafield tag="700" ind1="0" ind2=" ">
    <subfield code="a">Abu Husna Azzahari bin Murad,</subfield>
    <subfield code="e">editor.</subfield>
  </datafield>
  <datafield tag="700" ind1="0" ind2=" ">
    <subfield code="a">Muhammad Syakir Kamal,</subfield>
    <subfield code="e">editor.</subfield>
  </datafield>
  <datafield tag="700" ind1="0" ind2=" ">
    <subfield code="a">Abdullah Izzat Tengku Sidek,</subfield>
    <subfield code="e">editor.</subfield>
  </datafield>
  <datafield tag="700" ind1="0" ind2=" ">
    <subfield code="a">Ahmad Sabri Jinlapudin,</subfield>
    <subfield code="e">editor.</subfield>
  </datafield>
  <datafield tag="880" ind1="1" ind2="0">
    <subfield code="6">245-01/(3/r</subfield>
    <subfield code="a">&#x62A;&#x644;&#x62E;&#x635; &#x627;&#x62D;&#x643;&#x627;&#x645; &#x627;&#x644;&#x62C;&#x646;&#x627;&#x626;&#x632;</subfield>
  </datafield>
  <datafield tag="942" ind1=" " ind2=" ">
    <subfield code="2">ddc</subfield>
    <subfield code="c">B</subfield>
  </datafield>
  <datafield tag="999" ind1=" " ind2=" ">
    <subfield code="c">198388</subfield>
    <subfield code="d">198388</subfield>
  </datafield>
  <datafield tag="952" ind1=" " ind2=" ">
    <subfield code="0">0</subfield>
    <subfield code="7">0</subfield>
    <subfield code="b">PPAK</subfield>
    <subfield code="c">G</subfield>
    <subfield code="d">2025-01-19</subfield>
    <subfield code="l">2</subfield>
    <subfield code="o">297.385 ALB</subfield>
    <subfield code="p">A01856523</subfield>
    <subfield code="r">2025-07-26 13:13:24</subfield>
    <subfield code="s">2025-07-06</subfield>
    <subfield code="y">B</subfield>
  </datafield>
  <datafield tag="952" ind1=" " ind2=" ">
    <subfield code="0">0</subfield>
    <subfield code="7">0</subfield>
    <subfield code="b">SP</subfield>
    <subfield code="c">G</subfield>
    <subfield code="d">2025-01-19</subfield>
    <subfield code="l">0</subfield>
    <subfield code="o">297.385 ALB</subfield>
    <subfield code="p">A01856524</subfield>
    <subfield code="r">2025-01-19 15:52:46</subfield>
    <subfield code="y">B</subfield>
  </datafield>
  <datafield tag="952" ind1=" " ind2=" ">
    <subfield code="0">0</subfield>
    <subfield code="7">0</subfield>
    <subfield code="b">JT</subfield>
    <subfield code="c">G</subfield>
    <subfield code="d">2025-01-19</subfield>
    <subfield code="l">0</subfield>
    <subfield code="o">297.385 ALB</subfield>
    <subfield code="p">A01856525</subfield>
    <subfield code="r">2025-01-19 15:52:46</subfield>
    <subfield code="y">B</subfield>
  </datafield>
  <datafield tag="952" ind1=" " ind2=" ">
    <subfield code="0">0</subfield>
    <subfield code="7">0</subfield>
    <subfield code="b">KM</subfield>
    <subfield code="c">G</subfield>
    <subfield code="d">2025-01-19</subfield>
    <subfield code="l">0</subfield>
    <subfield code="o">297.385 ALB</subfield>
    <subfield code="p">A01856526</subfield>
    <subfield code="r">2025-01-19 15:52:46</subfield>
    <subfield code="y">B</subfield>
  </datafield>
  <datafield tag="952" ind1=" " ind2=" ">
    <subfield code="0">0</subfield>
    <subfield code="7">0</subfield>
    <subfield code="b">BL</subfield>
    <subfield code="c">G</subfield>
    <subfield code="d">2025-01-19</subfield>
    <subfield code="l">0</subfield>
    <subfield code="o">297.385 ALB</subfield>
    <subfield code="p">A01856527</subfield>
    <subfield code="r">2025-01-19 15:52:46</subfield>
    <subfield code="y">B</subfield>
  </datafield>
  <datafield tag="952" ind1=" " ind2=" ">
    <subfield code="0">0</subfield>
    <subfield code="7">0</subfield>
    <subfield code="b">BB</subfield>
    <subfield code="c">G</subfield>
    <subfield code="d">2025-01-19</subfield>
    <subfield code="l">0</subfield>
    <subfield code="o">297.385 ALB</subfield>
    <subfield code="p">A01856528</subfield>
    <subfield code="r">2025-01-19 15:52:46</subfield>
    <subfield code="y">B</subfield>
  </datafield>
  <datafield tag="952" ind1=" " ind2=" ">
    <subfield code="0">0</subfield>
    <subfield code="7">0</subfield>
    <subfield code="b">MR</subfield>
    <subfield code="c">G</subfield>
    <subfield code="d">2025-01-19</subfield>
    <subfield code="l">0</subfield>
    <subfield code="o">297.385 ALB</subfield>
    <subfield code="p">A01856529</subfield>
    <subfield code="r">2025-01-19 15:52:46</subfield>
    <subfield code="y">B</subfield>
  </datafield>
</record>
